Закружилась листва золотая: стихотворения, поэмы

Detalles Bibliográficos
Autor Principal: Есенин С. А. Сергей Александрович
Idioma:ruso
Publicado: Йошкар-Ола, Марийское книжное изд-во, 1988
Subjects:
Formato: MixedMaterials Libro
KOHA link:https://koha.lib.tpu.ru/cgi-bin/koha/opac-detail.pl?biblionumber=82311

MARC

LEADER 00000nam0a2200000 4500
001 82311
005 20231101213226.0
035 |a (RuTPU)RU\TPU\book\88457 
035 |a RU\TPU\book\87698 
090 |a 82311 
100 |a 20050930d1985 m y0rusy50 ca 
101 0 |a rus 
102 |a RU 
105 |a y z 000gy 
200 1 |a Закружилась листва золотая  |e стихотворения, поэмы  |f С. А. Есенин 
210 |a Йошкар-Ола  |c Марийское книжное изд-во  |d 1988 
215 |a 429 с. 
610 1 |a стихотворения 
610 1 |a поэмы 
610 1 |a поэзия 
675 |a Р2  |v 3 
700 1 |a Есенин  |b С. А.  |c русский поэт  |f 1895-1925  |g Сергей Александрович  |2 stltpush  |3 (RuTPU)RU\TPU\pers\169  |9 91 
801 1 |a RU  |b 63413507  |c 20041012  |g PSBO 
801 2 |a RU  |b 63413507  |c 20200610  |g PSBO 
942 |c BK